00532nam a2200193 a 4500001001300000003000900013005001700022008004100039020002300080082001700103100002000120245005100140260003700191300000900228500003500237505002400272650002200296700002000318nice12345678IN_TiNIC20260116014222.0050524s2005 dela grp 000 0 eng  a8183242 c69500a291.172bDSO aD`Souza, Albert aStudies in Religious Imagination and Symbolism aDelhibMittal Publication c2005 a321p aincludes index and biblioraphy2 aBibliography, Index aSymbols-Religions1 aD`Souza, Albert